| 000 | 02421nam0a22003971 4500 | ||
|---|---|---|---|
| 001 | v19\rc\1803997 | ||
| 005 | 20260406094252.0 | ||
| 035 | _a(NLR Aleph) 005255545 | ||
| 090 |
_a5847961 _c5847961 |
||
| 100 | _a20071224d1906 u y0rusy50 ca | ||
| 101 | 0 | _arus | |
| 102 | _aRU | ||
| 105 | _ac z ||||b | ||
| 200 | 1 |
_aИностранные народные поэты в биографиях и образцах _eР. Борнс, П. Беранже, А. Петефи, А. Негри, М. Конопницкая, И. Амброзиус _fПод ред. И.А. Белоусова |
|
| 210 |
_aМосква _cФ.Д. Постников _d1906 _gтипо-лит. П.К. Прянишникова |
||
| 215 |
_a52 с. _cпортр. _d24 |
||
| 311 | _aБеспл. прил. к журн. "Дет. друг" | ||
| 316 |
_aЭкз. РНБ (19.59.6.20): приплетен к: Эркман-Шатриан. Рейнские рассказы. М., 1906 _5NLR: 19.59.6.20 |
||
| 422 | 0 |
_12001#$aДетский друг _tДетский друг |
|
| 482 | 0 |
_12001#$aРейнские рассказы _1210##$aМосква$d1906 _1700#1$3RU\NLR\AUTH\7717144$7ca$aЭркман$bЭ.$f1822-1899$gЭмиль _1701#1$3RU\NLR\AUTH\7717145$7ca$aШатриан$bА.$f1826-1890$gАлександр _tРейнские рассказы _aЭркман, Эмиль (1822-1899) |
|
| 702 | 1 |
_4570 _8rus _7ca _aБернс _bР. _cпоэт _gРоберт _f1759-1796 _3RU\NLR\auth\7725988 _99033 |
|
| 702 | 1 |
_4570 _8rus _7ca _aБеранже _bП.-Ж. _f1780-1857 _gПьер-Жан _3RU\NLR\auth\7729697 _912725 |
|
| 702 | 1 |
_4570 _8rus _7ca _aПетефи _bШ. _gШандор _f1823-1849 _3RU\NLR\AUTH\7749433 _932368 |
|
| 702 | 1 |
_4570 _8rus _7ca _aКонопницкая _bМ. _f1842-1910 _gМария _3RU\NLR\auth\7745464 _928402 |
|
| 702 | 1 |
_4570 _8rus _7ca _aАмброзиус _bИ. _f1854-1939 _gИоанна _3RU\NLR\AUTH\7762844 _945774 |
|
| 702 | 1 |
_4340 _8rus _7ca _aБелоусов _bИ. А. _cписатель, поэт _f1863-1930 _gИван Алексеевич _3RU\NLR\AUTH\7768575 _951503 |
|
| 702 | 1 |
_4570 _7ca _8rus _aНегри _bА. _f1870-1945 _gАда _3RU\NLR\AUTH\770286606 _92685821 |
|
| 801 | 0 |
_aRU _bNLR _c20071224 _gpsbo |
|
| 801 | 0 |
_aRU _bRuMoRGB _c20071224 _2psbo |
|
| 801 | 1 |
_aRU _bProSoft-M _c20071224 _2rusmarc |
|
| 801 | 2 |
_aRU _bNLR _c20080326 _2rusmarc |
|
| 852 |
_aNLR _j34.84.5.46 |
||
| 852 |
_aNLR _j19.59.6.20(алл. 3) |
||
| 942 | _cBOOK | ||
| 980 | _aNB | ||